[Event "MrDodgy Invitational 2"]
[Site "chess24.com INT"]
[Date "2021.05.13"]
[Round "1.1"]
[White "Grischuk, Alexander"]
[Black "Jobava, Baadur"]
[Result "1-0"]
[WhiteTitle "GM"]
[BlackTitle "GM"]
[WhiteElo "2776"]
[BlackElo "2603"]
[WhiteFideId "4126025"]
[BlackFideId "13601520"]
[EventDate "2021.05.12"]
[EventType "k.o."]

1. c4 c6 2. Nf3 d5 3. e3 Nf6 4. Nc3 g6 5. d4 Bg7 6. Be2 O-O 7. O-O Nbd7 8. cxd5
Nxd5 9. e4 Nc7 10. Bg5 Nb6 11. h3 h6 12. Be3 Kh7 13. a4 Be6 14. b3 f5 15. a5 Nd7
16. Rc1 Nf6 17. exf5 Bxf5 18. Nh4 e6 19. Nf3 Nfd5 20. Nxd5 Nxd5 21. a6 Qb6 22.
axb7 Qxb7 23. Bd2 Rab8 24. Re1 Qxb3 25. Qxb3 Rxb3 26. Rxc6 Nb4 27. Rc7 a5 28.
Bc4 Rxf3 29. gxf3 Nc2 30. Rb1 Kg8 31. Rbb7 Bxd4 32. Bxh6 Ra8 33. Bg7 a4 34. Rd7
Bxg7 35. Rxg7+ Kh8 36. Rh7+ Kg8 37. Rbg7+ Kf8 38. Rc7 Kg8 39. Rcg7+ Kf8 40. Ra7
Rxa7 41. Rxa7 a3 42. Bb3 Nd4 43. Rxa3 Nxf3+ 44. Kg2 Nd4 45. Bd1 Ke7 46. Bg4 Kf6
47. Bxf5 exf5 48. Ra6+ Kg5 49. f4+ Kxf4 50. Rxg6 Nf3 51. Kf2 Ne5 52. Ra6 Kg5 53.
Ra3 Ng6 54. Kg3 f4+ 55. Kf3 Kf5 56. Ra5+ Ne5+ 57. Kf2 Ke4 58. h4 Ng4+ 59. Kg1 f3
60. h5 Kf4 61. Ra4+ Kg5 62. Rxg4+ Kxg4 63. h6 1-0

[Event "MrDodgy Invitational 2"]
[Site "chess24.com INT"]
[Date "2021.05.13"]
[Round "1.2"]
[White "Jobava, Baadur"]
[Black "Grischuk, Alexander"]
[Result "1-0"]
[WhiteTitle "GM"]
[BlackTitle "GM"]
[WhiteElo "2603"]
[BlackElo "2776"]
[WhiteFideId "13601520"]
[BlackFideId "4126025"]
[EventDate "2021.05.12"]
[EventType "k.o."]

1. e4 c5 2. Nc3 d6 3. f4 g6 4. Nf3 Bg7 5. Bb5+ Bd7 6. Bc4 Nc6 7. d3 Na5 8. Bd2
Nxc4 9. dxc4 Bc6 10. Qe2 Qd7 11. O-O-O Nh6 12. h3 f5 13. e5 O-O 14. Rhe1 Rae8
15. Kb1 a6 16. Be3 b6 17. Nd5 Qb7 18. Ng5 e6 19. Nf6+ Bxf6 20. exf6 Rxf6 21.
Rxd6 Nf7 22. Nxf7 Rxf7 23. Bd2 Be4 24. Bc3 Rd7 25. Rxd7 Qxd7 26. Rd1 Qe7 27. Qd2
b5 28. Be5 bxc4 29. a3 Bd5 30. g4 Bf3 31. Rg1 Rd8 32. Qc3 Rd1+ 33. Rxd1 Bxd1 34.
gxf5 Be2 35. Qd2 Bf3 36. f6 Qe8 37. Qd6 Bd5 38. Qxc5 h6 39. Qa7 Qf7 40. Qxa6 g5
41. fxg5 hxg5 42. a4 Kh7 43. a5 Kg6 44. Qb6 Qh7 45. Qe3 Qh5 46. Kc1 Bf3 47. a6
Qxh3 48. a7 Qh1+ 49. Kd2 g4 50. Kc3 Bd5 51. Qf4 Qe1+ 52. Kd4 Qg1+ 53. Qe3 Qd1+
54. Kc5 Qxc2 55. Qf4 Kh5 56. f7 c3 57. bxc3 Qa2 58. Qh2+ Kg6 59. Qxa2 1-0

[Event "MrDodgy Invitational 2"]
[Site "chess24.com INT"]
[Date "2021.05.13"]
[Round "1.3"]
[White "Grischuk, Alexander"]
[Black "Jobava, Baadur"]
[Result "1/2-1/2"]
[WhiteTitle "GM"]
[BlackTitle "GM"]
[WhiteElo "2776"]
[BlackElo "2603"]
[WhiteFideId "4126025"]
[BlackFideId "13601520"]
[EventDate "2021.05.12"]
[EventType "k.o."]

1. c4 Nf6 2. g3 c6 3. Bg2 d5 4. Nf3 Bf5 5. O-O e6 6. d3 Be7 7. Qb3 Qc8 8. Nc3
O-O 9. Bf4 Nbd7 10. cxd5 exd5 11. Nd4 Bg6 12. Rac1 Nc5 13. Qd1 a5 14. Na4 Nxa4
15. Qxa4 Re8 16. a3 h6 17. Rfe1 Bf8 18. h3 Qd7 19. Nf3 Bd6 20. Bxd6 Qxd6 21. Qf4
Qxf4 22. gxf4 a4 23. Nd4 Kf8 24. Bf3 Ra6 25. Rc3 Rb6 26. Rb1 Bh5 27. Bxh5 Nxh5
28. e3 Nf6 29. b4 axb3 30. Rcxb3 Rxb3 31. Rxb3 Re7 32. a4 Rc7 33. a5 Nd7 34. Kg2
g6 35. Kf3 Ke7 36. e4 dxe4+ 37. dxe4 Nc5 38. Rc3 Ne6 39. Ke3 Rd7 40. Nxe6 Kxe6
41. a6 bxa6 42. Rxc6+ Rd6 43. Rc5 Rb6 44. h4 Rb3+ 45. Ke2 Rh3 46. Rc6+ Ke7 47.
Rxa6 Rxh4 48. Kf3 1/2-1/2

[Event "MrDodgy Invitational 2"]
[Site "chess24.com INT"]
[Date "2021.05.13"]
[Round "1.4"]
[White "Jobava, Baadur"]
[Black "Grischuk, Alexander"]
[Result "0-1"]
[WhiteTitle "GM"]
[BlackTitle "GM"]
[WhiteElo "2603"]
[BlackElo "2776"]
[WhiteFideId "13601520"]
[BlackFideId "4126025"]
[EventDate "2021.05.12"]
[EventType "k.o."]

1. e4 c5 2. Nc3 Nc6 3. Nge2 g6 4. d4 cxd4 5. Nxd4 Bg7 6. Nb3 Nf6 7. Be2 O-O 8.
O-O d6 9. Re1 a6 10. Bf1 b5 11. Bg5 h6 12. Bh4 Bb7 13. Nd5 Nd7 14. c3 g5 15. Bg3
e6 16. Ne3 Nde5 17. Nd4 Qe7 18. a4 b4 19. Nxc6 Bxc6 20. cxb4 Bxe4 21. Bxe5 dxe5
22. b5 axb5 23. Bxb5 Rfd8 24. Qb3 Rd4 25. Nc2 Bd5 26. Qa3 Qxa3 27. Rxa3 Rd2 28.
Ne3 e4 29. Nxd5 exd5 30. g4 Bxb2 31. Ra2 Rc8 32. a5 Rcc2 33. a6 Rxf2 34. Rxb2
Rg2+ 35. Kh1 Rxb2 36. a7 Rxh2+ 37. Kg1 Rbg2+ 38. Kf1 Ra2 39. Kg1 Rhd2 0-1

[Event "MrDodgy Invitational 2"]
[Site "chess24.com INT"]
[Date "2021.05.13"]
[Round "1.6"]
[White "Jobava, Baadur"]
[Black "Grischuk, Alexander"]
[Result "1-0"]
[WhiteTitle "GM"]
[BlackTitle "GM"]
[WhiteElo "2603"]
[BlackElo "2776"]
[WhiteFideId "13601520"]
[BlackFideId "4126025"]
[EventDate "2021.05.12"]
[EventType "k.o."]

1. d4 Nf6 2. Bg5 d5 3. e3 c5 4. Bxf6 exf6 5. Bb5+ Nc6 6. Ne2 a6 7. Bxc6+ bxc6 8.
Nd2 cxd4 9. exd4 Bd6 10. O-O O-O 11. Re1 Re8 12. Nb3 h5 13. Qd2 h4 14. Nc5 Bc7
15. Nf4 Rxe1+ 16. Rxe1 Bf5 17. c3 Qd6 18. g3 g5 19. Nb7 Qf8 20. Nh5 Qh6 21. Qe2
Be6 22. Nc5 Re8 23. Qf3 f5 24. g4 f4 25. Nxa6 Bd6 26. Nc5 Rb8 27. b4 Ra8 28.
Nxe6 fxe6 29. Qe2 Kf7 30. Kg2 Qg6 31. h3 Ra3 32. Qb2 Ra7 33. Qd2 Ra3 34. Qb2 Ra7
35. b5 Qd3 36. bxc6 f3+ 37. Kg1 Rc7 38. Qc1 Be7 39. Re3 Qc4 40. Rxf3+ Ke8 41.
Ng7+ 1-0

[Event "MrDodgy Invitational 2"]
[Site "chess24.com INT"]
[Date "2021.05.13"]
[Round "1.7"]
[White "Grischuk, Alexander"]
[Black "Jobava, Baadur"]
[Result "1/2-1/2"]
[WhiteTitle "GM"]
[BlackTitle "GM"]
[WhiteElo "2776"]
[BlackElo "2603"]
[WhiteFideId "4126025"]
[BlackFideId "13601520"]
[EventDate "2021.05.12"]
[EventType "k.o."]

1. c4 Nf6 2. Nc3 e6 3. e4 d5 4. cxd5 exd5 5. e5 d4 6. exf6 dxc3 7. dxc3 Qxf6 8.
Nf3 Bd6 9. Bg5 Qe6+ 10. Be2 h6 11. Bh4 O-O 12. O-O Nc6 13. Bd3 Qg4 14. Re1 Bf5
15. Bxf5 Qxf5 16. Bg3 Rad8 17. Qb3 Qc8 18. Re4 Bxg3 19. hxg3 Rfe8 20. Rae1 1/2-1/2

[Event "MrDodgy Invitational 2"]
[Site "chess24.com INT"]
[Date "2021.05.13"]
[Round "1.8"]
[White "Jobava, Baadur"]
[Black "Grischuk, Alexander"]
[Result "1-0"]
[WhiteTitle "GM"]
[BlackTitle "GM"]
[WhiteElo "2603"]
[BlackElo "2776"]
[WhiteFideId "13601520"]
[BlackFideId "4126025"]
[EventDate "2021.05.12"]
[EventType "k.o."]

1. e4 c5 2. Nf3 Nc6 3. d4 cxd4 4. Nxd4 Nf6 5. Nc3 e5 6. Ndb5 d6 7. Nd5 Nxd5 8.
exd5 Nb8 9. a4 Be7 10. Be2 O-O 11. O-O Nd7 12. a5 a6 13. Nc3 f5 14. Ra3 f4 15.
Bd2 Rf6 16. Na4 Rb8 17. Re1 Rh6 18. h3 Nf6 19. Nb6 Bf5 20. c4 Nd7 21. Nxd7 Qxd7
22. Bg4 Rf8 23. Rb3 Rg6 24. f3 Bh4 25. Re4 Rxg4 26. hxg4 Bxe4 27. fxe4 Qa4 28.
Bb4 Rc8 29. Bxd6 Qxc4 30. Rc3 Qxe4 31. Rxc8+ Kf7 32. Rc7+ Kg8 33. g5 Bxg5 34.
Rc8+ 1-0

[Event "MrDodgy Invitational 2"]
[Site "chess24.com INT"]
[Date "2021.05.13"]
[Round "1.9"]
[White "Grischuk, Alexander"]
[Black "Jobava, Baadur"]
[Result "0-1"]
[WhiteTitle "GM"]
[BlackTitle "GM"]
[WhiteElo "2776"]
[BlackElo "2603"]
[WhiteFideId "4126025"]
[BlackFideId "13601520"]
[EventDate "2021.05.12"]
[EventType "k.o."]

1. c4 c6 2. Nf3 d5 3. e3 Nf6 4. Nc3 Bf5 5. cxd5 cxd5 6. Qb3 Bc8 7. d4 e6 8. Bd3
Be7 9. O-O O-O 10. Ne5 Nc6 11. f4 Na5 12. Qd1 Bd7 13. g4 Be8 14. Qf3 Nc6 15. Bd2
Rc8 16. Rad1 Nd7 17. Qh3 g6 18. Nf3 Nb6 19. Qh6 f6 20. Bc1 Rf7 21. Qh3 Bd7 22.
Qg3 Bd6 23. h4 Qe7 24. g5 f5 25. h5 Rg7 26. Rd2 gxh5 27. Rh2 Be8 28. Be2 Bg6 29.
Kf2 Qf7 30. Rfh1 Kf8 31. Ne1 Ke7 32. Bxh5 Nc4 33. Be2 Kd7 34. Nd3 Qe7 35. Nb5
Bb8 36. b3 Nd6 37. Nxd6 Bxd6 38. Bd2 Kc7 39. a4 Kb8 40. Rc1 Qf8 41. Rhh1 Rgc7
42. Nc5 e5 43. fxe5 Nxe5 44. Na6+ bxa6 45. dxe5 f4 46. exf4 Bxe5 47. Rxc7 Bxc7
48. Rc1 Bb6+ 49. Ke1 Rxc1+ 50. Bxc1 Bf5 51. Bd3 Qc5 52. Kd1 Qc3 53. Ke2 Bxd3+
54. Qxd3 Qxc1 55. Qxh7 Qe3+ 56. Kd1 Qd4+ 57. Kc2 Qxf4 58. g6 Qf2+ 59. Kd1 Qd4+
60. Kc2 Qe4+ 61. Kd1 Qd3+ 62. Ke1 Qg3+ 63. Kd1 Qg4+ 64. Kc2 Qe4+ 65. Kd1 Bd4 66.
Qg8+ Kb7 67. Qf7+ Kb6 68. b4 Qd3+ 69. Ke1 Qe3+ 70. Kd1 Qg1+ 71. Ke2 Qg2+ 72. Kd1
Qe4 73. Qd7 Qd3+ 74. Ke1 Bc3+ 75. Kf2 Qd4+ 76. Ke2 Qe4+ 77. Kd1 Qd3+ 0-1

[Event "MrDodgy Invitational 2"]
[Site "chess24.com INT"]
[Date "2021.05.13"]
[Round "1.10"]
[White "Jobava, Baadur"]
[Black "Grischuk, Alexander"]
[Result "1/2-1/2"]
[WhiteTitle "GM"]
[BlackTitle "GM"]
[WhiteElo "2603"]
[BlackElo "2776"]
[WhiteFideId "13601520"]
[BlackFideId "4126025"]
[EventDate "2021.05.12"]
[EventType "k.o."]

1. b3 d5 2. Bb2 Bf5 3. e3 e6 4. Nf3 Nf6 5. c4 Nbd7 6. Be2 h6 7. O-O Bd6 8. d4 c6
9. Nbd2 Qb8 10. h3 O-O 11. Re1 a5 12. a3 b5 13. Bc3 Rc8 14. c5 Bc7 15. b4 a4 16.
Qc1 Bh7 17. Qb2 Ne4 18. Nxe4 dxe4 19. Ne5 Nf6 20. f4 Qb7 21. Bd2 Nd5 22. Rf1 f6
23. Ng4 Rf8 24. Kh1 Rae8 25. Rae1 Bb8 26. Bc1 Qf7 27. Bd1 Qe7 28. Bc2 h5 29. Nf2
f5 30. Nd1 g5 31. Nc3 h4 32. Nxd5 exd5 33. Bd1 Qg7 34. Qf2 Re6 35. Rg1 Kh8 36.
g4 hxg3 37. Rxg3 Rg6 38. Reg1 gxf4 39. Rxg6 Bxg6 40. exf4 Qh6 41. Kh2 Rg8 42.
Be3 Bc7 43. Be2 Bd8 44. Rg2 Kh7 45. Qg1 Bf7 46. Rxg8 Bxg8 47. Qg3 Bf7 48. Qg2
Bh5 49. Bf1 Bf3 50. Qg3 Bh4 51. Qg1 Bf6 52. Qg3 Qh5 53. Qe1 Bh4 54. Bf2 Bd8 55.
Bg3 Qg6 56. Qe3 Bf6 57. Qg1 Bh5 58. Bf2 Qh6 59. Qg3 Bf3 60. Be3 Bh4 61. Qg1 Qh5
62. Bf2 Bd1 63. Bxh4 Qxh4 64. Qg3 Qf6 65. Qf2 Bf3 66. Qg1 Kh8 67. Qf2 Kh7 68.
Qg1 Bh5 69. Qe3 Qg7 70. Qf2 Qh6 71. Qg3 Bf3 72. Qg5 Qxg5 73. fxg5 f4 74. Bxb5
cxb5 75. c6 e3 76. c7 e2 77. c8=Q e1=Q 78. Qf5+ Kg8 79. Qg6+ Kf8 80. Qf6+ Ke8
81. Qc6+ Kf7 82. Qf6+ Ke8 83. Qc6+ Kf7 84. Qf6+ Ke8 1/2-1/2

[Event "MrDodgy Invitational 2"]
[Site "chess24.com INT"]
[Date "2021.05.13"]
[Round "1.11"]
[White "Grischuk, Alexander"]
[Black "Jobava, Baadur"]
[Result "1-0"]
[WhiteTitle "GM"]
[BlackTitle "GM"]
[WhiteElo "2776"]
[BlackElo "2603"]
[WhiteFideId "4126025"]
[BlackFideId "13601520"]
[EventDate "2021.05.12"]
[EventType "k.o."]

1. d4 Nf6 2. c4 c5 3. d5 e6 4. Nc3 exd5 5. cxd5 g6 6. Bf4 d6 7. Nf3 Bg7 8. Qa4+
Bd7 9. Qb3 Bc8 10. Qb5+ Ke7 11. Qb3 Re8 12. e3 Kf8 13. Bb5 Re7 14. Be2 Kg8 15.
h3 Na6 16. O-O Nc7 17. a4 Rb8 18. Nd2 b6 19. Nc4 Ba6 20. Nb5 Nfxd5 21. Bxd6 Bxb5
22. axb5 Rd7 23. Bg3 Ra8 24. Bg4 Re7 25. Rfd1 Qf8 26. Bf3 Rd8 27. Rxa7 h5 28.
Bd6 Rxd6 29. Nxd6 Nb4 30. Nc4 Nxb5 31. Rxe7 Qxe7 32. Nxb6 1-0

[Event "MrDodgy Invitational 2"]
[Site "chess24.com INT"]
[Date "2021.05.13"]
[Round "1.12"]
[White "Jobava, Baadur"]
[Black "Grischuk, Alexander"]
[Result "1/2-1/2"]
[WhiteTitle "GM"]
[BlackTitle "GM"]
[WhiteElo "2603"]
[BlackElo "2776"]
[WhiteFideId "13601520"]
[BlackFideId "4126025"]
[EventDate "2021.05.12"]
[EventType "k.o."]

1. e4 c5 2. Nf3 d6 3. d4 cxd4 4. Nxd4 Nf6 5. Nc3 a6 6. g3 e5 7. Nf5 d5 8. Bg2 d4
9. Ne2 g6 10. Nh6 Ng4 11. Nxg4 Bxg4 12. O-O Nc6 13. h3 Be6 14. Bd2 Qd7 15. Kh2
h5 16. c3 h4 17. g4 d3 18. Nc1 Be7 19. Be3 Rd8 20. Bb6 O-O 21. Bxd8 Rxd8 22. Qd2
Qc7 23. Rd1 Qb6 24. b3 Bc5 25. Nxd3 Rxd3 26. Qxd3 Bxf2 27. Kh1 Kg7 28. Rf1 Bg3
29. Rad1 a5 30. Qd2 a4 31. bxa4 Qa5 32. Rf3 Qxa4 33. Rdf1 Bxa2 34. Qg5 Be6 35.
Rxf7+ Bxf7 36. Qf6+ Kh6 37. Qh8+ Kg5 38. Qf6+ Kh6 39. Qh8+ Kg5 40. Qf6+ Kh6 1/2-1/2

[Event "MrDodgy Invitational 2"]
[Site "chess24.com INT"]
[Date "2021.05.14"]
[Round "2.1"]
[Board "1"]
[White "Giri, Anish"]
[Black "Grandelius, Nils"]
[Result "1-0"]
[WhiteTitle "GM"]
[BlackTitle "GM"]
[WhiteElo "2780"]
[BlackElo "2670"]
[WhiteFideId "24116068"]
[BlackFideId "1710400"]
[EventDate "2021.05.12"]
[EventType "k.o."]

1. e4 c5 2. Nf3 d6 3. Bb5+ Bd7 4. Bxd7+ Qxd7 5. O-O Nf6 6. Qe2 Nc6 7. c3 e6 8.
d4 cxd4 9. cxd4 d5 10. e5 Ne4 11. Nbd2 Nxd2 12. Bxd2 Be7 13. g3 O-O 14. Kg2 Rac8
15. h4 f6 16. exf6 Bxf6 17. Bc3 Qf7 18. Rad1 Rce8 19. b4 a6 20. a4 Qh5 21. b5
axb5 22. axb5 Nb8 23. Rfe1 Nd7 24. Bb4 Rf7 25. Ng5 Qxe2 26. Rxe2 Bxg5 27. hxg5
Rf5 28. f4 h6 29. gxh6 gxh6 30. Rde1 Kf7 31. Rc1 Nf6 32. Rc7+ Kg6 33. Rxb7 h5
34. Bd6 h4 35. Be5 hxg3 36. Kxg3 Ne4+ 37. Kf3 Rh5 38. Rg2+ Kh6 39. Rgg7 Rh8 40.
f5 Rxf5+ 41. Ke3 Rf1 42. Rg2 Re1+ 43. Re2 Rxe2+ 44. Kxe2 Ra8 45. Re7 Ra2+ 46.
Ke3 Kg5 47. b6 Kf5 48. b7 Rb2 49. b8=Q Rxb8 50. Bxb8 1-0

[Event "MrDodgy Invitational 2"]
[Site "chess24.com INT"]
[Date "2021.05.14"]
[Round "2.2"]
[Board "1"]
[White "Grandelius, Nils"]
[Black "Giri, Anish"]
[Result "1-0"]
[WhiteTitle "GM"]
[BlackTitle "GM"]
[WhiteElo "2670"]
[BlackElo "2780"]
[WhiteFideId "1710400"]
[BlackFideId "24116068"]
[EventDate "2021.05.12"]
[EventType "k.o."]

1. e4 c5 2. Nf3 d6 3. d4 cxd4 4. Nxd4 Nf6 5. Nc3 a6 6. Bg5 e6 7. f4 h6 8. Bh4
Qb6 9. a3 Nc6 10. Bf2 Qc7 11. Be2 Be7 12. O-O O-O 13. Qd3 e5 14. Nxc6 bxc6 15.
fxe5 dxe5 16. Qg3 Rd8 17. Kh1 Be6 18. Be3 Kh7 19. Bd3 a5 20. Nd5 Qb7 21. Nxe7
Qxe7 22. Qxe5 Ng4 23. Qc5 Qxc5 24. Bxc5 Rab8 25. b4 axb4 26. axb4 Ne5 27. Ba6
Rd2 28. c3 Ra8 29. h3 Ng6 30. Bb7 Rxa1 31. Rxa1 Nf4 32. Be3 Rxg2 33. Bxf4 Rf2
34. Bd6 Rf3 35. Bxc6 Rxh3+ 36. Kg2 Rxc3 37. b5 Rb3 38. Kf2 Bc4 39. Ra5 h5 40.
Bc7 Bxb5 41. Rxb5 Rc3 42. Rb6 h4 43. Bf4 f6 44. Bd7 g5 45. Bf5+ Kg7 46. Be3 Rc7
47. Bd4 Rf7 48. Kf3 1-0

[Event "MrDodgy Invitational 2"]
[Site "chess24.com INT"]
[Date "2021.05.14"]
[Round "2.3"]
[Board "1"]
[White "Giri, Anish"]
[Black "Grandelius, Nils"]
[Result "1-0"]
[WhiteTitle "GM"]
[BlackTitle "GM"]
[WhiteElo "2780"]
[BlackElo "2670"]
[WhiteFideId "24116068"]
[BlackFideId "1710400"]
[EventDate "2021.05.12"]
[EventType "k.o."]

1. e4 c5 2. Nf3 d6 3. Bb5+ Bd7 4. Bxd7+ Qxd7 5. O-O Nf6 6. Qe2 Nc6 7. c3 e6 8.
d4 cxd4 9. cxd4 d5 10. e5 Ng8 11. Nc3 Nge7 12. Bf4 Nf5 13. Rad1 Be7 14. g3 h6
15. h3 O-O-O 16. a3 g5 17. Bc1 h5 18. Bxg5 Bxg5 19. Nxg5 Nfxd4 20. Qe3 Nf5 21.
Qf4 Kb8 22. Nxd5 Ncd4 23. Nc3 Qc7 24. Rfe1 Rhg8 25. h4 Qc6 26. Qe4 Qc7 27. Rd3
Nc6 28. Rxd8+ Rxd8 29. Qe2 Qb6 30. Kg2 Ncd4 31. Qxh5 Qxb2 32. Nce4 Qxa3 33. Qxf7
Rf8 34. Qd7 a6 35. Rb1 Ne3+ 36. Kh3 Nb5 37. Rxb5 axb5 38. fxe3 1-0

[Event "MrDodgy Invitational 2"]
[Site "chess24.com INT"]
[Date "2021.05.14"]
[Round "2.4"]
[Board "1"]
[White "Grandelius, Nils"]
[Black "Giri, Anish"]
[Result "0-1"]
[WhiteTitle "GM"]
[BlackTitle "GM"]
[WhiteElo "2670"]
[BlackElo "2780"]
[WhiteFideId "1710400"]
[BlackFideId "24116068"]
[EventDate "2021.05.12"]
[EventType "k.o."]

1. e4 c5 2. Nf3 d6 3. Bb5+ Nd7 4. c4 Nf6 5. Nc3 e5 6. O-O Be7 7. a3 O-O 8. b4 a6
9. Bxd7 Nxd7 10. d3 b6 11. Rb1 Rb8 12. Ne1 Bb7 13. Nc2 f5 14. exf5 Rxf5 15. Ne3
Rf7 16. Ned5 Nf6 17. Nxe7+ Qxe7 18. bxc5 bxc5 19. Bg5 Rbf8 20. f3 Qc7 21. Bxf6
Rxf6 22. Qb3 Bc6 23. Qb6 Qc8 24. Qa5 Rg6 25. Kh1 Rxg2 26. Kxg2 Qg4+ 27. Kh1
Bxf3+ 28. Rxf3 Qxf3+ 29. Kg1 Qe3+ 30. Kh1 Qxd3 31. Rg1 g6 32. Rg3 Qxc4 33. Qc7
Qf1+ 34. Rg1 Qf3+ 35. Rg2 Qxc3 0-1

[Event "MrDodgy Invitational 2"]
[Site "chess24.com INT"]
[Date "2021.05.14"]
[Round "2.5"]
[Board "1"]
[White "Giri, Anish"]
[Black "Grandelius, Nils"]
[Result "1/2-1/2"]
[WhiteTitle "GM"]
[BlackTitle "GM"]
[WhiteElo "2780"]
[BlackElo "2670"]
[WhiteFideId "24116068"]
[BlackFideId "1710400"]
[EventDate "2021.05.12"]
[EventType "k.o."]

1. d4 Nf6 2. c4 g6 3. Nc3 d5 4. cxd5 Nxd5 5. e4 Nxc3 6. bxc3 Bg7 7. Bc4 c5 8.
Ne2 Nc6 9. Be3 O-O 10. O-O Bg4 11. f3 Bd7 12. Rb1 Qc7 13. Qd2 Rad8 14. Rfc1 Na5
15. Bd3 b6 16. Bh6 Bxh6 17. Qxh6 e5 18. Ba6 Qd6 19. d5 f5 20. c4 f4 21. h4 Rf6
22. h5 Kh8 23. Qg5 gxh5 24. Kf2 Rg8 25. Qh4 Rfg6 26. Rg1 Rg5 27. g3 fxg3+ 28.
Rxg3 Rxg3 29. Nxg3 Qh6 30. Rd1 Ba4 31. Nf5 Qg6 32. Qh2 Bxd1 33. Qxe5+ Rg7 34.
Qb8+ Rg8 35. Qe5+ Rg7 36. Nxg7 Qxg7 37. Qe8+ Qg8 38. Qe5+ Qg7 39. Qe8+ Qg8 40.
Qe5+ Qg7 1/2-1/2

[Event "MrDodgy Invitational 2"]
[Site "chess24.com INT"]
[Date "2021.05.14"]
[Round "2.6"]
[Board "1"]
[White "Grandelius, Nils"]
[Black "Giri, Anish"]
[Result "0-1"]
[WhiteTitle "GM"]
[BlackTitle "GM"]
[WhiteElo "2670"]
[BlackElo "2780"]
[WhiteFideId "1710400"]
[BlackFideId "24116068"]
[EventDate "2021.05.12"]
[EventType "k.o."]

1. e4 c5 2. Nf3 d6 3. d4 cxd4 4. Nxd4 Nf6 5. Nc3 a6 6. Bg5 e6 7. f4 h6 8. Bh4
Qb6 9. a3 Be7 10. Bf2 Qc7 11. Qf3 Nc6 12. Be2 O-O 13. O-O e5 14. Nxc6 bxc6 15.
fxe5 Ng4 16. Bg3 Nxe5 17. Qf2 a5 18. Kh1 Be6 19. Na4 Rab8 20. Rad1 c5 21. Bf4
Qc6 22. Nxc5 Rxb2 23. Nd3 Rxc2 24. Nxe5 dxe5 25. Bxe5 Qxe4 26. Qg3 Qg6 27. Qxg6
fxg6 28. Rxf8+ Kxf8 29. Bd3 Rc5 30. Bd4 Rg5 31. a4 Bd5 32. Bf1 Bc6 33. Bb6 Bb4
34. Ra1 h5 35. h3 Rg3 36. Kg1 g5 37. Bf2 Rc3 38. Re1 g4 39. hxg4 hxg4 40. Re5 g3
41. Bd4 Rc1 42. Rf5+ Ke7 43. Be5 Bc5+ 44. Kh1 Ke6 45. Rg5 Rxf1# 0-1

[Event "MrDodgy Invitational 2"]
[Site "chess24.com INT"]
[Date "2021.05.14"]
[Round "2.8"]
[Board "1"]
[White "Grandelius, Nils"]
[Black "Giri, Anish"]
[Result "1-0"]
[WhiteTitle "GM"]
[BlackTitle "GM"]
[WhiteElo "2670"]
[BlackElo "2780"]
[WhiteFideId "1710400"]
[BlackFideId "24116068"]
[EventDate "2021.05.12"]
[EventType "k.o."]

1. e4 c5 2. Nf3 d6 3. d4 cxd4 4. Nxd4 Nf6 5. Nc3 a6 6. Bc4 e6 7. Bb3 b5 8. O-O
Be7 9. Qf3 Qb6 10. Be3 Qb7 11. Qg3 O-O 12. Bh6 Ne8 13. Rfe1 b4 14. Na4 a5 15.
Rad1 Kh8 16. Bg5 Nf6 17. Qh4 Nc6 18. Nxc6 Qxc6 19. Rd3 e5 20. Rf3 Rg8 21. Bxf7
Qxa4 22. Bg6 1-0

[Event "MrDodgy Invitational 2"]
[Site "chess24.com INT"]
[Date "2021.05.14"]
[Round "2.9"]
[Board "1"]
[White "Giri, Anish"]
[Black "Grandelius, Nils"]
[Result "1-0"]
[WhiteTitle "GM"]
[BlackTitle "GM"]
[WhiteElo "2780"]
[BlackElo "2670"]
[WhiteFideId "24116068"]
[BlackFideId "1710400"]
[EventDate "2021.05.12"]
[EventType "k.o."]

1. d4 Nf6 2. c4 g6 3. Nc3 d5 4. cxd5 Nxd5 5. e4 Nxc3 6. bxc3 Bg7 7. Bc4 c5 8.
Ne2 Nc6 9. Be3 O-O 10. O-O Bg4 11. f3 Bd7 12. Rb1 Qc7 13. Qd2 Rad8 14. Rfc1 b6
15. Bg5 Bc8 16. Bb5 Na5 17. Qe3 f6 18. Bh4 e5 19. dxe5 Qxe5 20. Bg3 Qe7 21. Rd1
Be6 22. a4 Nc4 23. Qf2 Na3 24. Ra1 Nxb5 25. axb5 Bc4 26. Nf4 Rxd1+ 27. Rxd1 Bxb5
28. Nd5 Qf7 29. Bd6 Rd8 30. Qg3 Bc4 31. Ne3 Be6 32. h4 Bh6 33. Nd5 Bxd5 34. exd5
a5 35. c4 a4 36. Bc7 Ra8 37. Qd6 a3 38. Qc6 Be3+ 39. Kh1 Re8 40. d6 Qe6 41. Qd5
Qxd5 42. cxd5 Bd4 43. d7 Kf7 44. dxe8=Q+ Kxe8 45. Bxb6 a2 46. Bxc5 a1=Q 47. Rxa1
Bxa1 48. h5 Kd7 49. g4 f5 50. gxf5 gxf5 51. Kg2 Be5 52. Kf2 Bf4 53. Ke2 Bg5 54.
Kd3 Bf4 55. Kc4 Be5 56. Be3 Bf6 57. Bf4 Bh4 58. Be5 Bf6 59. Bxf6 1-0

[Event "MrDodgy Invitational 2"]
[Site "chess24.com INT"]
[Date "2021.05.14"]
[Round "2.1"]
[Board "2"]
[White "Dubov, Daniil"]
[Black "Fressinet, Laurent"]
[Result "1/2-1/2"]
[WhiteTitle "GM"]
[BlackTitle "GM"]
[WhiteElo "2710"]
[BlackElo "2638"]
[WhiteFideId "24126055"]
[BlackFideId "608742"]
[EventDate "2021.05.12"]
[EventType "k.o."]

1. d4 Nf6 2. Nf3 d5 3. c4 e6 4. g3 Be7 5. Bg2 O-O 6. Qc2 c6 7. Nbd2 b6 8. e4
dxe4 9. Nxe4 Nxe4 10. Qxe4 Bb4+ 11. Ke2 Be7 12. Bf4 Ba6 13. b3 b5 14. c5 b4+ 15.
Ke1 Bb5 16. Ne5 Qd5 17. Rg1 Qxe4+ 18. Bxe4 a5 19. a4 bxa3 20. Rxa3 Rd8 21. Be3
Bf6 22. f4 Bxe5 23. fxe5 Na6 24. Rxa5 Nb4 25. Rxb5 cxb5 26. Bxa8 Rxa8 27. Ke2
Kf8 28. Rc1 Nc6 29. Kf3 Ra3 30. Ke4 Rxb3 31. Ra1 Ke8 32. Ra8+ Kd7 33. Rf8 Ke7
34. Rc8 Kd7 35. Rf8 Ke7 36. Rc8 Kd7 1/2-1/2